Notes of a military reconnoissance, from Fort Leavenworth, in Missouri, to San Diego, in California, including part of the Arkansas, Del Norte, and Gila rivers. (Record no. 51745)

MARC details
000 -LEADER
fixed length control field 03311cam a2200433 4500
001 - CONTROL NUMBER
control field rc 01000182
003 - CONTROL NUMBER IDENTIFIER
control field DLC
005 - DATE AND TIME OF LATEST TRANSACTION
control field 20260227111859.0
008 - FIXED-LENGTH DATA ELEMENTS--GENERAL INFORMATION
fixed length control field 730201s1848 dcubf 000 0 eng
010 ## - LIBRARY OF CONGRESS CONTROL NUMBER
LC control number rc 01000182
040 ## - CATALOGING SOURCE
Original cataloging agency DLC
Transcribing agency DLC
Modifying agency DLC
050 00 - LIBRARY OF CONGRESS CALL NUMBER
Classification number F786
Item number .U571
110 1# - MAIN ENTRY--CORPORATE NAME
Corporate name or jurisdiction name as entry element United States.
Subordinate unit Army.
-- Corps of Topographical Engineers.
245 10 - TITLE STATEMENT
Title Notes of a military reconnoissance, from Fort Leavenworth, in Missouri, to San Diego, in California, including part of the Arkansas, Del Norte, and Gila rivers.
Statement of responsibility, etc. By Lieut. Col. W.H. Emory. made in 1846-7, with the advanced guard of the "Army of the "West" ...
246 3# - VARYING FORM OF TITLE
Title proper/short title Notes of a military reconnaissance
246 17 - VARYING FORM OF TITLE
Title proper/short title Ex. Doc. No. 41.
260 ## - PUBLICATION, DISTRIBUTION, ETC.
Place of publication, distribution, etc. Washington,
Name of publisher, distributor, etc. Wendell and Van Benthuysen,
Date of publication, distribution, etc. 1848.
300 ## - PHYSICAL DESCRIPTION
Extent 614 p.
Other physical details ill., facsims., plates, [2] folded maps.
Dimensions 23 cm.
490 1# - SERIES STATEMENT
Series statement Thirtieth Congress, First Session. Ex. Doc. ;
Volume/sequential designation no. 41
500 ## - GENERAL NOTE
General note "February 9, 1848: Ordered to be printed. February 17, 1848: Ordered that 10,000 extra copies of each of the Reports of Lieutenant Emory, Captain Cooke, and Lieutenant Abert be printed for the use of the House; and that of said number, 250 copies be furnished for the use of Lieutenant Emory, Captain Cooke, and Lieutenant Abert, respectively."
500 ## - GENERAL NOTE
General note Published also, without the reports of J.W. Abert and P.St.G. Cooke, and the journal of A.R. Johnston, as Senate Ex. doc. 7, 30th Cong., 1st sess.
500 ## - GENERAL NOTE
General note Wagner-Camp describes illustrations as "64 plates, 3 plans, and 2 small maps."
500 ## - GENERAL NOTE
General note Page 454 incorrectly numbered 754.
510 4# - CITATION/REFERENCES NOTE
Name of source Wagner-Camp,
Location within source item 148 (House of Representatives ed.)
500 ## - GENERAL NOTE
General note "Report of Lieut. J.W. Abert, of his examination of New Mexico, in the years 1846-'47 [including Notes on the minerals and fossils ... by J.W. Bailey]": p. [417]-548.
500 ## - GENERAL NOTE
General note "Report of Lieut. Col. P. St. George Cooke of his march from Santa Fé, New Mexico, to San Diego, Upper California": p. [549-563]. Preceded by: Map of the Territory of New Mexico made by order of Brig. Gen. S.W. Kearny, under instructions from Lieut. W.H. Emory, U.S.T.E. by Lieut's J.W. Abert and W.G. Peck ... 1846-7 (68 cm.).
500 ## - GENERAL NOTE
General note "Journal of Captain A.R. Johnston, First dragoons": p. [565]-614. Preceded by: Sketch of part of the march & wagon road of Lt. Colonel Cooke, from Santa Fe to the Pacific Ocean, 1846-7 (32 x 61 cm.).
500 ## - GENERAL NOTE
General note LC Copy 1 lacks folded maps.
Institution to which field applies DLC
500 ## - GENERAL NOTE
General note LC Copy 3 bound in contemporary brown cloth with ribbed embossing and spine title on paper label.
Institution to which field applies DLC
500 ## - GENERAL NOTE
General note LC Copy 4 has book label and stamp of the Department of State Library.
Institution to which field applies DLC
500 ## - GENERAL NOTE
General note LC Copy 5 bound in contemporary brown cloth embossed with diamond pattern. All after p. 416 (additional reports of Abert, Cooke and Johnston) wanting. Folded maps and 32 plates wanting.
Institution to which field applies DLC
651 #0 - SUBJECT ADDED ENTRY--GEOGRAPHIC NAME
Geographic name Southwest, New
General subdivision Description and travel.
651 #0 - SUBJECT ADDED ENTRY--GEOGRAPHIC NAME
Geographic name United States
General subdivision Discovery and exploration.
700 1# - ADDED ENTRY--PERSONAL NAME
Personal name Emory, William H.
Fuller form of name (William Hemsley),
Dates associated with a name 1811-1887.
700 1# - ADDED ENTRY--PERSONAL NAME
Personal name Abert, J. W.
Fuller form of name (James William),
Dates associated with a name 1820-1897.
700 1# - ADDED ENTRY--PERSONAL NAME
Personal name Cooke, Philip St. George,
Dates associated with a name 1809-1895.
700 1# - ADDED ENTRY--PERSONAL NAME
Personal name Johnston, A. R.
Fuller form of name (Abraham Robinson),
Dates associated with a name 1815?-1846.
830 #0 - SERIES ADDED ENTRY--UNIFORM TITLE
Uniform title Ex. doc. (United States. Congress. House)
Volume/sequential designation 30th Congress, 1st session, no. 41.

No items available.

Powered by Koha